[Event "Debrecen"]
[Site "Debrecen"]
[Date "1990.??.??"]
[Round "3"]
[White "Horvath, Jozsef"]
[Black "Hansen, Curt"]
[Result "1/2-1/2"]
[WhiteElo "2525"]
[BlackElo "2570"]
[Annotator "King,D"]
[PlyCount "44"]
[EventDate "1990.06.??"]
[EventType "tourn"]
[EventRounds "11"]
[EventCountry "HUN"]
[EventCategory "13"]
[SourceTitle "CBM 020"]
[Source "ChessBase"]
[SourceDate "1991.02.01"]
[SourceVersion "1"]
[SourceVersionDate "1991.02.01"]
[SourceQuality "1"]

1. d4 d6 2. e4 Nf6 3. Nc3 g6 4. Nf3 Bg7 5. Be2 O-O 6. O-O c6 7. h3 Qc7 8. Bf4
Nbd7 (8... Nh5 9. Be3 e5 10. Qd2 Nd7 11. a4 Re8 12. Rad1 exd4 13. Nxd4 Nhf6 14.
f3 Nc5 15. Bc4 a6 16. b4 $14 {Tukmakov-Uhlmann 1977. Inf.24/194}) 9. e5 dxe5
10. Nxe5 Nxe5 11. Bxe5 Qa5 {Normally assessed by theory as +/=, but I reckon
it is much closer to =.} 12. Bf3 Bf5 13. Qe2 Rfe8 14. Rfd1 Rac8 15. a3 Nd7 16.
Bxg7 Kxg7 17. Be4 e6 18. Rd3 Nf6 19. Bxf5 exf5 20. Qd2 Qb6 21. Na4 Qc7 22. Nc3
Ne4 1/2-1/2

[Event "Groningen"]
[Site "Groningen"]
[Date "1990.??.??"]
[Round "?"]
[White "Gulko, Boris F"]
[Black "Rogers, Ian"]
[Result "1/2-1/2"]
[WhiteElo "2600"]
[BlackElo "2535"]
[Annotator "King,D"]
[PlyCount "47"]
[EventDate "1990.12.??"]
[EventType "tourn"]
[EventRounds "9"]
[EventCountry "NED"]
[EventCategory "13"]
[SourceTitle "CBM 021"]
[Source "ChessBase"]
[SourceDate "1991.04.01"]
[SourceVersion "1"]
[SourceVersionDate "1991.04.01"]
[SourceQuality "1"]

1. d4 g6 2. e4 Bg7 3. Nf3 d6 4. Be2 Nf6 5. Nc3 O-O 6. O-O c6 7. a4 a5 8. Be3
Na6 (8... Ng4 9. Bg5 h6 10. Bh4 Na6 11. Re1 Nb4 12. Bc4 g5 13. Bg3 Nf6 14. Nd2
d5 15. Bb3 Bg4 {<=>, Browne-Hort 1975.}) 9. Nd2 d5 10. e5 Ne8 11. Nf3 (11. f4
b6 12. Nf3 f6 13. Qd2 Nec7 14. Nd1 Bf5 15. Nf2 Qd7 16. c3 c5 17. Nh4 $16 {
Stean-Petrosian, 1980.}) 11... Bg4 (11... f6 $5 $132) 12. Ng5 Bxe2 13. Qxe2
Nac7 14. f4 f6 15. Nf3 Qd7 16. h3 f5 17. Qf2 e6 18. Ne2 Rf7 19. Ng5 Re7 20. b3
Bf8 21. Kh2 Rg7 22. Rg1 Na6 23. g4 Nec7 24. Nf3 $14 1/2-1/2

[Event "POL-ch 53rd"]
[Site "Brzeg Dolny"]
[Date "1996.??.??"]
[Round "4"]
[White "Bobras, Piotr"]
[Black "Urban, Klaudiusz"]
[Result "0-1"]
[WhiteElo "2355"]
[BlackElo "2440"]
[Annotator "King,D"]
[PlyCount "82"]
[EventDate "1996.03.09"]
[EventType "tourn"]
[EventRounds "15"]
[EventCountry "POL"]
[EventCategory "9"]
[SourceTitle "CBM 053"]
[Source "ChessBase"]
[SourceDate "1996.08.01"]
[SourceVersion "1"]
[SourceVersionDate "1996.08.01"]
[SourceQuality "1"]

1. e4 g6 2. d4 Bg7 3. Nf3 d6 4. Be2 Nf6 5. Nc3 O-O 6. O-O Nc6 7. d5 Nb8 8. h3
c6 9. Bf4 b5 10. a3 a6 11. Qd2 Bb7 12. Bh6 Bxh6 13. Qxh6 cxd5 14. exd5 Bxd5 15.
Nxd5 Nxd5 16. Rad1 Nf6 17. Rd4 Nbd7 18. Ng5 Re8 19. Rh4 Nf8 20. f4 e6 21. Bd3
Rc8 22. f5 exf5 23. Bxf5 Rc5 24. Bd3 Ree5 25. b4 Rcd5 26. Rhf4 Rxg5 27. Rxf6
Qe7 28. Rxf7 Qxf7 29. Rxf7 Kxf7 30. h4 Rge5 31. Qf4+ Kg7 32. Qf2 Ne6 33. Qa7+
Kh6 {This game could have been included in the 'escape' section. As the first
and second ranks have been abandoned, the king finds safety by moving up the
board, and by accident finds itself involved in a mating attack.} 34. g4 $2 Rd4
35. g5+ Kh5 36. Qxh7+ Kg4 37. Kg2 Nf4+ 38. Kf2 Nxd3+ 39. cxd3 Rf4+ 40. Kg2 Re2+
41. Kg1 Kg3 0-1

[Event "USA-ch fin"]
[Site "Chandler"]
[Date "1997.09.10"]
[Round "4"]
[White "Christiansen, Larry Mark"]
[Black "Benjamin, Joel"]
[Result "0-1"]
[WhiteElo "2550"]
[BlackElo "2580"]
[Annotator "King,D"]
[PlyCount "100"]
[EventDate "1997.09.02"]
[EventType "match"]
[EventRounds "6"]
[EventCountry "USA"]
[SourceTitle "CBM 061"]
[Source "ChessBase"]
[SourceDate "1997.11.23"]
[SourceVersion "1"]
[SourceVersionDate "1997.11.23"]
[SourceQuality "1"]

1. d4 d6 2. e4 Nf6 3. Nc3 g6 4. Nf3 Bg7 5. Bf4 O-O 6. Qd2 Bg4 7. O-O-O (7. Be2
Nc6 8. d5 Bxf3 9. gxf3 (9. Bxf3 Ne5 10. Be2 c6 11. O-O Qa5 12. Rfe1 Rfc8 13.
Bf1 Nfd7 14. a3 Qc7 15. dxc6 {1/2-1/2 Delchev,A-Marin,M/Benasque open 1997/NIC
97,16}) 9... e5 10. dxc6 exf4 11. cxb7 Rb8 12. Ba6 Nd7 13. Qd5 Ne5 14. O-O-O c6
15. Qxd6 Qb6 16. Qa3 Nxf3 {Markov,J-Cherniaev,A/Vladivostok2 op 1995/EXP 49/
[Chekhov]/1-0 (45)}) 7... c6 8. Bh6 (8. Be2 b5 9. h3 b4 10. hxg4 bxc3 11. Qxc3
Nxe4 12. Qe3 Nf6 13. Nd2 Nd5 14. Qh3 h5 15. Be3 Nxe3 16. fxe3 Qa5 17. gxh5 gxh5
18. Rdf1 f5 19. Qxh5 Rf7 20. Nb3 Qd5 21. Bd3 Nd7 22. Bxf5 Nf6 23. Qh3 {1-0
Luecke,N-Koch,W/Dortmund op 1987/TD 87\03}) 8... Qa5 9. Kb1 Nbd7 10. Be2 e5 11.
Bxg7 Kxg7 12. h3 Bxf3 13. Bxf3 b5 14. g4 Nb6 15. h4 Nc4 16. Qc1 Rab8 17. dxe5
dxe5 18. h5 Ng8 {[%csl Rf6,Rh6] King: White has carried out the standard plan
of exchanging the bishops, then throwing the h-pawn down the board - we've
seen that before. What I liked about this game was Black's cool defence.
Retreating the knight to g8 is an excellent defensive idea. The knight covers
the h6 square (and f6) and can always hop out from there when the pressure is
relieved. (It also helps Black's defence that he has his counterplay on the
queenside in full swing.)} 19. hxg6 hxg6 20. Be2 Rfd8 21. Bxc4 bxc4 22. Rxd8
Qxd8 23. f4 Qd4 24. Ka1 exf4 25. Qxf4 Re8 26. a3 Qe5 27. Qe3 Re7 28. g5 a5 29.
Ka2 Re6 30. Rh4 Re8 31. Rh1 Ne7 32. Rf1 Nf5 33. Qf2 Nd6 34. Qf6+ Qxf6 35. Rxf6
Nxe4 36. Nxe4 Rxe4 37. Rxc6 Re5 38. Rxc4 Rxg5 39. b4 axb4 40. axb4 f5 41. b5 f4
42. Rc7+ (42. Rxf4 Rxb5 $11) 42... Kf6 43. b6 Ra5+ 44. Kb3 Rb5+ 45. Kc4 Rxb6
46. Kd4 Kf5 (46... g5 47. Rc8 $19) 47. Kd3 (47. Rf7+ Kg4 $19) 47... Re6 48.
Rf7+ Kg4 49. c4 (49. Kd4 f3 50. Kd5 $19) 49... f3 50. c5 (50. Kd4 {ändert
nichts am Ausgang der Partie} Kg3 51. Kd5 Re1 $19) 50... Kg3 (50... Kg3 51. Kc4
f2 $19) 0-1

[Event "Munich"]
[Site "Munich"]
[Date "1990.??.??"]
[Round "?"]
[White "Brunner, Lucas"]
[Black "Kindermann, Stefan"]
[Result "1/2-1/2"]
[WhiteElo "2525"]
[BlackElo "2560"]
[Annotator "King,D"]
[PlyCount "85"]
[EventDate "1990.04.??"]
[EventType "tourn"]
[EventRounds "11"]
[EventCountry "GER"]
[EventCategory "13"]
[SourceTitle "CBM 018"]
[Source "ChessBase"]
[SourceDate "1990.10.01"]
[SourceVersion "1"]
[SourceVersionDate "1990.10.01"]
[SourceQuality "1"]

1. Nf3 g6 2. e4 Bg7 3. d4 d6 4. Nc3 Nf6 5. Be2 O-O 6. O-O Bg4 7. Be3 Nc6 8. d5
Bxf3 9. Bxf3 Ne5 10. Be2 c6 11. a4 Qa5 12. Ra3 Rfc8 13. Rb3 Rab8 14. f3 Ned7
15. Qd2 Nc5 16. Ra3 Qb4 17. Rb1 cxd5 18. exd5 Nfd7 19. Qd1 a5 20. Bb5 Qh4 21.
Ne2 Ne5 22. Nd4 Bh6 23. Bf2 Qf6 24. g3 g5 25. Bf1 Qg6 {Black's opening play
has not been a success; white later wins an exchange, but is unable to control
the position.} 26. Qe2 (26. Bh3 {here would cut down black's counterplay.})
26... f5 27. Bh3 g4 28. Bg2 f4 29. fxg4 Nxg4 30. Bh3 Ne5 31. Bxc8 Rxc8 32. Re1
Rf8 33. Nf3 Ncd7 34. Kh1 Bg7 35. Rb3 b6 36. Nxe5 Nxe5 37. Qe4 Qh6 38. Bg1 f3
39. Rf1 Qh5 40. Qh4 Qf5 41. Rf2 Rf6 42. Qd4 Rf8 43. Qh4 1/2-1/2

[Event "Dortmund-B"]
[Site "Dortmund"]
[Date "1991.??.??"]
[Round "7"]
[White "Vogt, Lothar"]
[Black "Espig, Lutz"]
[Result "1/2-1/2"]
[WhiteElo "2510"]
[BlackElo "2440"]
[Annotator "King,D"]
[PlyCount "93"]
[EventDate "1991.03.23"]
[EventType "tourn"]
[EventRounds "9"]
[EventCountry "GER"]
[EventCategory "10"]
[SourceTitle "CBM 023"]
[Source "ChessBase"]
[SourceDate "1991.08.01"]
[SourceVersion "1"]
[SourceVersionDate "1991.08.01"]
[SourceQuality "1"]

1. e4 d6 2. d4 Nf6 3. Nc3 g6 4. Nf3 Bg7 5. Be2 O-O 6. O-O a6 7. Bf4 Bg4 (7...
b5 8. e5 Nfd7 9. a4 $14 {Najdorf-Stahlberg, Amsterdam 1950.}) 8. e5 (8. h3 $14)
8... Nfd7 9. h3 Bxf3 10. Bxf3 Nc6 $10 11. exd6 cxd6 12. Ne2 Re8 13. Be3 Nb6 14.
c3 d5 15. Nf4 e6 16. Nd3 Nc4 17. Bf4 Nd6 18. Re1 a5 19. a4 b6 20. Ne5 Rc8 21.
Qb3 Nxe5 22. dxe5 Nc4 23. Qc2 f6 24. exf6 Qxf6 25. Bg3 Bf8 26. Re2 Bd6 27. Bxd6
Nxd6 28. Rae1 Kf8 29. Qb3 Rc6 30. c4 Rxc4 31. Qxb6 Qd8 32. Qa6 Rxa4 33. Rxe6
Rxe6 34. Rxe6 Ra1+ 35. Kh2 Nf7 36. Qb7 d4 37. Ra6 Qg5 38. Ra7 Qf4+ 39. g3 Qf6
40. Kg2 d3 41. Qd7 Qxf3+ 42. Kxf3 Ne5+ 43. Kf4 Nxd7 44. Rxd7 Rb1 45. Ke3 Rxb2
46. Rxh7 Re2+ 47. Kxd3 1/2-1/2

[Event "Reggio Emilia 9697 39th"]
[Site "Reggio Emilia"]
[Date "1996.12.28"]
[Round "3"]
[White "Tatai, Stefano"]
[Black "Krasenkow, Michal"]
[Result "0-1"]
[WhiteElo "2375"]
[BlackElo "2605"]
[Annotator "Krasenkow,M"]
[PlyCount "46"]
[EventDate "1996.12.26"]
[EventType "tourn"]
[EventRounds "9"]
[EventCountry "ITA"]
[EventCategory "11"]
[SourceTitle "CBM 057"]
[Source "ChessBase"]
[SourceDate "1997.04.01"]
[SourceVersion "1"]
[SourceVersionDate "1997.04.01"]
[SourceQuality "1"]

1. e4 g6 2. d4 Bg7 3. Nf3 d6 4. Nc3 Nf6 5. Be2 O-O 6. O-O c6 7. a4 a5 8. h3 Na6
9. Be3 Nb4 10. Nd2 d5 11. Bf3 $6 $146 (11. e5 $14) 11... dxe4 12. Ndxe4 Nxe4
13. Nxe4 f5 $5 14. Ng5 $6 (14. Nc3 f4 15. Bd2 Bxd4 16. Re1 $44) 14... e6 $5 {
/\15...f4,/\15...h6} (14... f4 15. Bd2 e5 16. c3 Qxg5 17. cxb4 Bxh3 (17... exd4
18. Qb3+ Rf7 19. bxa5) (17... axb4 18. Qb3+ Kh8 19. dxe5 $13) 18. bxa5 (18.
dxe5 Rad8 $1) 18... exd4 19. Qb3+ Rf7 20. Bxc6 bxc6 21. Qxh3 c5 $14) (14... e5
15. dxe5 Qxd1 16. Bxd1 Bxe5 17. c3 $10) (14... h6 15. c3 $1 $13) 15. c3 f4 (
15... Na6 $6 16. Qb3 Qe7 (16... Nc7 17. Bf4) 17. h4 h6 18. Nh3 Qxh4 19. Nf4 $44
) 16. Bd2 (16. Bc1 Qxg5 17. cxb4 axb4 $17) 16... Qxg5 17. cxb4 Bxd4 18. Bc3 (
18. bxa5 Bxb2 19. Rb1 Bd4 $17) 18... Bxc3 19. bxc3 e5 20. Qb3+ $2 (20. Kh2 $17)
20... Kg7 21. Kh2 (21. bxa5 Bxh3 22. Qxb7+ Rf7 23. Qxa8 Bxg2 $1 $19) 21... e4
$1 22. Bxe4 f3 $1 23. Bxf3 Qe5+ (23... Bxh3 24. Kxh3 Rxf3+ 25. gxf3 Rf8 26. Qd1
Rf4 27. Qd7+ Kh6 28. Qg4 $13) (23... Rxf3 $5 24. gxf3 Qh4 25. Qd1 Bxh3 26. Re1
Rd8 $1 $17) (23... Qe5+ 24. Kh1 (24. Kg1 Rxf3 25. Rae1 (25. gxf3 Bxh3 $19) (25.
Rfe1 Rxc3 26. Qb2 Qf6 27. bxa5 Rxa5 28. Re8 Bd7 29. Qxb7 Qf7 $19) 25... Rxc3
26. Qa2 Qg5 $19) 24... Rxf3 25. gxf3 (25. Rae1 Rxc3 $19) 25... Bxh3 26. Qd1 (
26. Rfe1 Qg5 27. Rg1 Qh5 $19) (26. Rae1 Qh5 $19) 26... Qh5 $1 (26... Bxf1 27.
Qd7+ Kh8 28. Rxf1 Qxc3 $17) 27. Re1 (27. Qd4+ Kg8 $19) 27... Rd8 $1 28. Re7+ (
28. Qe2 Bf1+) 28... Kf6 $19) 0-1

[Event "Madrid Magistral 7th"]
[Site "Madrid"]
[Date "1998.05.16"]
[Round "6"]
[White "Leko, Peter"]
[Black "Beliavsky, Alexander G"]
[Result "1-0"]
[WhiteElo "2670"]
[BlackElo "2690"]
[Annotator "Leko,P"]
[PlyCount "69"]
[EventDate "1998.05.11"]
[EventType "tourn"]
[EventRounds "9"]
[EventCountry "ESP"]
[EventCategory "17"]
[SourceTitle "CBM 065"]
[Source "ChessBase"]
[SourceDate "1998.08.06"]
[SourceVersion "1"]
[SourceVersionDate "1998.08.06"]
[SourceQuality "1"]

1. e4 {Yudasin} d6 2. d4 Nf6 3. Nc3 g6 4. Nf3 Bg7 5. Be3 c6 6. Qd2 b5 7. Bd3
Bg4 $6 (7... O-O) (7... Nbd7 {Yudasin /\e5}) 8. e5 $1 b4 (8... Nfd7 {Yudasin}
9. exd6 exd6 10. O-O-O O-O 11. Bh6 $36) 9. Ne4 $1 (9. exf6 {Yudasin} bxc3 10.
bxc3 Bxf6 $10) (9. Ne2 $6 {Yudasin} Nd5 10. Bh6 O-O 11. h4 f6 $132) 9... Nxe4 (
9... Nd5 10. Bh6 (10. exd6 {Yudasin} exd6 11. Bg5 f6 12. Bh6 O-O 13. Bxg7 Kxg7
14. O-O-O $13) (10. Bh6 O-O 11. h4 Bxf3 12. gxf3 f6 13. Bxg7 Kxg7 14. O-O-O $36
)) 10. Bxe4 d5 (10... a5 {Yudasin} 11. exd6 exd6 12. h3 Bxf3 13. Bxf3 d5 $14)
11. Bd3 Bxf3 12. gxf3 a5 (12... Qb6 {Yudasin} 13. h4 h5 14. e6) 13. h4 $1 (13.
Bh6 {Yudasin} O-O (13... Bxh6 14. Qxh6 Kd7 15. h4 Qf8 16. Qe3 e6 17. c4 bxc3
18. bxc3 Na6 $13) 14. h4 $40) (13. a3 $5 {Yudasin} bxa3 14. Rxa3 Nd7 15. h4 c5
16. c3 $14 e6 17. h5 Qb6 $132) 13... Nd7 (13... h5 14. e6 $1 $16) 14. h5 Qb6
15. c4 $3 (15. hxg6 {Yudasin} hxg6 16. Rxh8+ Bxh8 17. e6 fxe6 18. Bxg6+ Kd8 19.
Bf7 Nf8 20. Bh6 (20. O-O-O Kc7 $14) 20... Bxd4 21. O-O-O (21. Bxf8 Bxb2 22. Rb1
Kd7 $13) 21... Bxf2 22. Kb1 Kc7 23. Qe2 $13) 15... bxc3 (15... dxc4 16. Bxc4
$18) 16. bxc3 e6 (16... c5 {Yudasin} 17. Rb1 Qc7 18. e6 (18. Bb5 e6 19. a4 $14)
(18. Ke2 e6 19. Bh6 $16) 18... fxe6 19. hxg6 hxg6 20. Bxg6+ Kd8 21. Rg1 $13 (
21. Rxh8+ Bxh8 22. Ke2 $13)) 17. Rb1 Qc7 18. Bh6 Bf8 (18... Nxe5 19. dxe5 Qxe5+
20. Kf1 Qxc3 (20... Bxh6 21. Qxh6 Qxc3 22. Rb3 $18) 21. Qxc3 Bxc3 22. Rb7 $18)
19. Bg5 $5 (19. Bxf8 Rxf8 (19... Nxf8 20. hxg6 fxg6 21. Ke2 Rg8 22. Rb2 Rg7 23.
Rhb1 $16) 20. Qh6 $16 (20. Qh6 {Yudasin} Ke7 21. Ke2 $36 c5)) 19... Rg8 (19...
Bg7 {Yudasin} 20. Ke2 $36 {/\Qb2-a3}) 20. hxg6 hxg6 21. Ke2 Be7 (21... c5 {
Yudasin} 22. Rb5) (21... Bg7 {Yudasin} 22. Rh7 Rb8 $16) 22. Bxe7 Kxe7 23. Qg5+
Ke8 (23... Kf8 {Yudasin} 24. Rh7 Qd8 25. Qh6+ Ke8 {/\Nf8}) 24. f4 {/\ 25.f5!}
Qd8 $1 (24... Rb8 25. f5 exf5 26. Bxf5 Nxe5 $6 27. dxe5 Qxe5+ 28. Kd2 $18) (
24... Rf8 {Yudasin} 25. Rh7 {/\Be6}) 25. Qg3 $5 (25. Rb7 Qxg5 26. fxg5 Ke7 27.
Rh7 Rab8 28. Rc7 $16) 25... Kf8 (25... Rf8 {Yudasin} 26. Rh7 {/\Bg6} Rb8 27.
Bxg6) 26. Rbg1 $1 {/\ 27.f5} Rb8 27. f5 Rb2+ 28. Ke3 exf5 29. Bxf5 Nb6 (29...
c5 30. Bd3) 30. Bd3 Nc4+ (30... Rxa2 {Yudasin} 31. f4 (31. Qf4 $40 {/\Rh7}) (
31. Rb1 $40 {/\Qf4,Rh7}) 31... Ra3 32. Rc1 c5 $132) 31. Bxc4 dxc4 32. Qf4 $1
Qe7 (32... Qd5 33. Rb1 (33. Rb1 {Yudasin} Qb5 34. e6 $18)) (32... c5 33. d5 $1
Qxd5 $140 34. Rd1 $18) (32... Rc2 {Yudasin} 33. Rxg6 Rxg6 (33... Rxc3+ 34. Ke2
Rxg6 35. Rh8+ Rg8 36. Qh6+ Ke7 37. Qf6+ Kd7 38. Qxf7+ $18) 34. Rh8+ Rg8 35.
Qh6+ Ke7 36. Qf6+ Kd7 37. Qxf7+ Qe7 38. Qf5+ Kc7 39. Rxg8 $18) 33. Rb1 $1 (33.
Rh7 Ke8 $16) 33... Qa3 34. Kf3 $1 g5 (34... Qxc3+ 35. Kg2 g5 36. Qf5 $18) 35.
Qc1 $1 (35. Qc1 g4+ 36. Kg3 Rxa2 37. Rb8+ $18) 1-0

[Event "EU-ch 12th"]
[Site "Aix les Bains"]
[Date "2011.03.23"]
[Round "2"]
[White "Pridorozhni, Aleksei"]
[Black "Cheparinov, Ivan"]
[Result "1/2-1/2"]
[WhiteElo "2542"]
[BlackElo "2664"]
[Annotator "Marchand,A/Primel,D"]
[PlyCount "96"]
[EventDate "2011.03.22"]
[EventType "swiss"]
[EventRounds "11"]
[EventCountry "FRA"]
[SourceTitle "CBM 142 Extra"]
[Source "ChessBase"]
[SourceDate "2011.06.27"]
[SourceVersion "1"]
[SourceVersionDate "2011.06.27"]
[SourceQuality "1"]
[TimeControl "40/5400+30:1800+30"]

1. e4 g6 2. d4 Bg7 3. Nc3 d6 4. Nf3 Nf6 5. Be2 O-O (5... Bg4 $143 {Prématuré}
6. h3 Bxf3 7. Bxf3 c6 8. O-O $14) (5... Nc6) (5... Nbd7) 6. O-O c6 (6... Bg4)
7. a4 Nbd7 8. a5 {[%csl Rb6]} Qc7 {[%cal Ge7e5]} 9. Re1 {[%cal Ge2f1,Ge1e4]} (
9. h3) (9. Be3) 9... e5 10. Bf1 Re8 {80"} ({RR} 10... exd4 11. Nxd4 Re8 12. Bf4
Nh5 13. Be3 Nc5 14. f3 Bd7 15. Qd2 b5 16. axb6 axb6 17. Rad1 Red8 18. Bg5 Bf6
19. Bxf6 Nxf6 20. Qh6 Na4 21. Nxa4 Rxa4 22. c4 c5 23. Nc2 Ra2 24. Ne3 Be6 25.
Rd2 {Rozentalis,E (2591)-Nyback,T (2575)/Germany 2006/EXT 2007/1/2-1/2 (74)}) (
10... Rd8 {[%cal Gd8d1]}) 11. g3 Rb8 ({RR} 11... Nf8 12. h3 Ne6 13. Bg2 exd4
14. Nxd4 Nxd4 15. Qxd4 Nxe4 16. Qd3 Nf6 17. Rxe8+ Nxe8 18. Bf4 Bf5 19. Qd2 Qd7
20. g4 Be6 21. a6 b6 22. Nb5 d5 23. Nd4 Nd6 24. c3 Rd8 25. Re1 Nc4 26. Qc2 {
Guliyev,N (2453)-Galdunts,S (2506)/France 2004/CBM 098 ext/0-1 (43)}) 12. d5
$146 (12. Bg2 b5 13. dxe5 (13. axb6 axb6 14. d5 {[%cal Gc3b5,Gb5d6]}) 13...
dxe5 {Tkachiev,V (2664)-Mamedyarov,S (2731) Wch Blitz 4th 2008 (11) 0-1}) 12...
a6 13. Nd2 {[%cal Gd2c4,Gc4d6,Gc4b6]} (13. Be3) 13... cxd5 14. Nxd5 Nxd5 15.
exd5 b5 {69" L'affaiblissement de la case "c6" n'est pas facile а exploiter
pour les Blancs} 16. axb6 Nxb6 17. c4 f5 18. b4 {[%cal Gc4c5,Gc1a3]} e4 19. Rb1
(19. Ra2 {[%cal Ga2c2,Gc4c5]}) 19... Nd7 (19... Bb7 $142 {Passif mais empêche
la manoeuvre Nf3d4} 20. Qb3 Ba8 21. Bb2) 20. Nf3 $1 {[%csl Gc6,Ge6][%cal Gf3d4,
Gd4e6]} (20. Ba3 $143 Ne5 {[%csl Gd3]}) 20... Bb7 {Trop tard!} 21. Nd4 $14 {
[%csl Gd4]} Rbc8 (21... Ne5 {[%cal Ge5c4,Ge5d3]}) 22. Bf4 (22. Ne6 $36 Rxe6 23.
dxe6 Ne5 $13 {[%cal Ge5f3]}) 22... Ne5 23. Bxe5 Bxe5 24. Ne6 Rxe6 $8 25. dxe6
Qe7 26. c5 $1 d5 (26... Qxe6 {Plus solide}) 27. Bxa6 $1 {[%csl Gb4,Gc5]} Bxa6
28. Qxd5 {[%csl Ge6][%cal Gd5e5]} Bf6 29. b5 $6 (29. Qd7 $142 $1 {Probablement
gagnant} Rc7 30. Qxe7 Bxe7 31. b5 Bxb5 32. Rxb5 Bxc5 33. Rd1 {[%cal Gd1d7]})
29... Rxc5 30. Qa8+ Bc8 31. b6 Qb7 32. Qxb7 Bxb7 33. Rec1 Bd4 34. Rxc5 Bxc5 35.
Rc1 Bxb6 36. e7 Kf7 37. Rb1 Bc5 {Le plateau DGT n'a pas sauvegardé la suite de
la partie} 38. Rxb7 Bxe7 39. h3 Ke6 40. g4 f4 41. Rb5 Bh4 42. Rb4 Ke5 43. Rb7
e3 $1 44. fxe3 fxe3 45. Kf1 Kf4 46. Rxh7 (46. Ke2 $5 Kg3 47. Kxe3 Bg5+ (47...
Kxh3 48. Kf3) 48. Ke4 Kxh3 49. Kf3 {[%csl Rh3]}) 46... Kg3 $11 47. Rg7 Kxh3 48.
Rh7 Kg3 1/2-1/2

[Event "Benasque op 19th"]
[Site "Benasque"]
[Date "1999.07.15"]
[Round "10"]
[White "Kulaots, Kaido"]
[Black "Marin, Mihail"]
[Result "1/2-1/2"]
[WhiteElo "2478"]
[BlackElo "2548"]
[Annotator "Marin,M"]
[PlyCount "90"]
[EventDate "1999.07.??"]
[EventType "swiss"]
[EventRounds "10"]
[EventCountry "ESP"]
[SourceTitle "CBM 072"]
[Source "ChessBase"]
[SourceDate "1999.10.01"]
[SourceVersion "1"]
[SourceVersionDate "1999.10.01"]
[SourceQuality "1"]

1. e4 d6 2. d4 Nf6 3. Nc3 g6 4. Nf3 Bg7 5. Be3 O-O 6. Qd2 Bg4 7. Ng5 Nc6 8. d5
Nb4 (8... Nb8) 9. f3 Bd7 10. a3 Na6 11. h4 h6 12. Nh3 Bxh3 13. Rxh3 h5 14. Be2
Qc8 15. O-O-O c5 16. g4 (16. Rhh1 b5) 16... hxg4 (16... b5) 17. fxg4 Nxg4 18.
Bxg4 Qxg4 19. Rhh1 b5 20. Rhg1 (20. Rdg1 Qf3) 20... Qd7 (20... Qh5 $5) 21. Bh6
b4 22. Bxg7 (22. axb4 Nxb4 (22... cxb4 23. Bxg7 Kxg7 24. Qd4+) 23. Bxg7 (23. h5
Bxc3 24. bxc3 Na2+ 25. Kb2 Rfb8+ $19) 23... Kxg7 24. h5 Rh8 25. hxg6 f6 26. Rh1
Qg4 27. Kb1 Qg5 $44) 22... Kxg7 23. h5 Rh8 (23... bxc3 24. Qxc3+ f6 25. Rxg6+
Kf7 26. Rdg1 $40) 24. hxg6 f6 25. axb4 cxb4 (25... Nxb4) 26. Ne2 Qa4 $15 27.
Kb1 b3 28. cxb3 Qxe4+ 29. Qd3 Nc5 30. Qxe4 Nxe4 31. Nd4 Rh5 32. Ne6+ Kg8 33.
Rh1 Rxh1 (33... Nd2+ 34. Ka2 (34. Kc2 Rc8+ 35. Kxd2 Rxd5+ 36. Ke3 Re5+) 34...
Rxd5 35. b4 Re5 36. g7 Kf7 37. Nc7 Rg8 38. Rxd2) 34. Rxh1 Ng5 35. Nxg5 fxg5 36.
Rg1 Rb8 37. Rxg5 Rb5 38. Rf5 e5 39. Rf7 a5 40. Kc2 Rc5+ 41. Kd3 Rxd5+ 42. Kc4
Rd2 43. Re7 $11 Rd4+ 44. Kb5 Rb4+ 45. Kc6 Rxb3 1/2-1/2